Xochipala: the beginnings of Olmec art

Saved in:
நூற்பட்டியல் விவரங்கள்
தலைமை எழுத்தாளர்: Gay, Carlo T. E.
குழும எழுத்தாளர்: Princeton University. Art Museum.
மற்ற எழுத்தாளர்கள்: Friend, Miriam.
வடிவம்: புத்தகம்
மொழி:English
வெளியீடப்பட்டது: [Princeton, N.J., Distributed by Princeton University Press, 1972]
பகுதிகள்:
குறியீடுகள்: குறிச்சொல் இணை
குறியீடுகள் இல்லை, இந்த குறிச்சொல்லை முதலில் பதிவு செய்யுங்கள்!
LEADER 01343nam a22003251 4500
001 001060807-9
005 20050319135307.0
008 731219s1972 njua b 00010 eng
010 |a  70187566 //r892 
020 |a 0691038775 
035 0 |a ocm00382711 
040 |a DLC  |c DLC  |d m.c. 
043 |a n-mx--- 
050 0 |a F1219.1.G93  |b G32 
082 |a 732/.2 
100 1 |a Gay, Carlo T. E. 
245 1 0 |a Xochipala: the beginnings of Olmec art  |c [by] Carlo T. E. Gay. 
260 0 |a [Princeton, N.J.,  |b Distributed by Princeton University Press,  |c 1972] 
300 |a 61, [2] p. :  |b illus. ;  |c 27 cm. 
500 |a Published in connection with the exhibition held Jan. 11-Feb. 13, 1972, at the Art Museum of Princeton University. 
500 |a "The text is taken from a work in progress on preclassic ceramic figures from central and midwestern Mexico, by Carlo T. E. Gay and Frances Pratt." 
504 |a Bibliography: p. [63] 
505 0 |a Preface by Gillett G. Griffin -- An early Olmec focus in Guerrero, Mexico -- References. 
650 0 |a Olmecs. 
651 0 |a Xochipala Valley (Mexico)  |x Antiquities. 
710 2 |a Princeton University.  |b Art Museum. 
700 1 2 |a Friend, Miriam.  |t Exhibit raises shock waves in archaeological world. 
740 0 2 |a Exhibit raises shock waves in archaeological world. 
988 |a 20020608 
906 |0 DLC